[Event "Eliteserien 2009-2010"]
[Site "Haraldsheim"]
[Date "2009.11.06"]
[Round "5"]
[White "Lie, Kjetil A."]
[Black "Byklum, Bjørnar"]
[Result "1/2-1/2"]
[WhiteElo "2487"]
[BlackElo "2318"]
[PlyCount "101"]
[EventDate "2009.??.??"]

1. e4 d6 2. d4 Nf6 3. Nc3 e5 4. Nf3 Nbd7 5. Bc4 Be7 6. g4 Nb6 7. Bb5+ c6 8. g5
Nfd7 9. Be2 O-O 10. Be3 Re8 11. h4 exd4 12. Qxd4 d5 13. exd5 Bc5 14. Qd2 Bxe3
15. fxe3 Nxd5 16. Nxd5 cxd5 17. O-O-O Nc5 18. Bb5 Bd7 19. Bxd7 Qxd7 20. h5 Qe6
21. Qxd5 Qxe3+ 22. Kb1 Ne4 23. Rd3 Qc5 24. Re1 Qxd5 25. Rxd5 f6 26. Red1 fxg5
27. Nxg5 Nxg5 28. Rxg5 Rad8 29. Rdg1 Re7 30. a4 h6 31. Rb5 Rd6 32. a5 b6 33.
Rg4 Red7 34. Rgb4 bxa5 35. Rxa5 Rd5 36. Rba4 Rxa5 37. Rxa5 Kf7 38. Ra6 Rd5 39.
Rxa7+ Kf6 40. Ra6+ Ke7 41. Ra7+ Kf6 42. Ra6+ Ke7 43. Rg6 Kf7 44. b4 Rxh5 45.
Rg3 Rb5 46. Rb3 h5 47. c4 Rb8 48. b5 h4 49. Kc2 Ke6 50. b6 h3 51. Rxh3 
1/2-1/2

[Event "Eliteserien 2009-2010"]
[Site "Haraldsheim"]
[Date "2009.11.06"]
[Round "5"]
[White "Leer-Salvesen, Bjarte"]
[Black "Lie, Espen"]
[Result "0-1"]
[WhiteElo "2336"]
[BlackElo "2473"]
[PlyCount "120"]
[EventDate "2009.??.??"]

1. c4 g6 2. g3 Bg7 3. Bg2 d6 4. Nc3 e5 5. d3 Ne7 6. e4 Nbc6 7. Nge2 O-O 8. O-O
f5 9. f4 Rb8 10. Rb1 Be6 11. Nd5 Qd7 12. Be3 a6 13. a4 fxe4 14. dxe4 Bg4 15.
Qd2 exf4 16. gxf4 Rbe8 17. Nec3 Nc8 18. Rf2 Nd8 19. Bd4 c6 20. Bxg7 Qxg7 21.
Ne3 Bd7 22. Rbf1 Kh8 23. Kh1 Rf6 24. f5 gxf5 25. Nxf5 Bxf5 26. exf5 Nf7 27. Ne4
Rh6 28. Qf4 Qe5 29. b4 Qxf4 30. Rxf4 Nb6 31. Nc3 Re3 32. a5 Nd7 33. R4f3 Rxf3
34. Rxf3 Rh4 35. Bf1 Nde5 36. Re3 Rxh2+ 37. Kxh2 Ng4+ 38. Kg1 Nxe3 39. b5 Nxf1
40. Kxf1 Ne5 41. bxa6 bxa6 42. c5 d5 43. Na2 Nc4 44. Nb4 Nxa5 45. Kf2 Kg7 46.
Kf3 Kf6 47. Kf4 h5 48. Nxa6 h4 49. Kg4 h3 50. Kxh3 Kxf5 51. Kg3 Ke4 52. Nc7 d4
53. Kf2 Nb3 54. Na6 Kd5 55. Ke2 Kc4 56. Nb8 d3+ 57. Ke3 d2 58. Ke2 Kc3 59. Nxc6
Nc1+ 60. Kd1 Nd3 
0-1

[Event "Eliteserien 2009-2010"]
[Site "Haraldsheim"]
[Date "2009.11.06"]
[Round "5"]
[White "Østmoe, Geir Sune Tallaksen"]
[Black "Harestad, Hans K"]
[Result "1-0"]
[WhiteElo "2389"]
[BlackElo "2190"]
[PlyCount "61"]
[EventDate "2009.??.??"]

1. d4 Nf6 2. c4 g6 3. Nc3 Bg7 4. e4 d6 5. Nf3 O-O 6. Be2 e5 7. O-O Nc6 8. d5
Ne7 9. b4 Nh5 10. Re1 a5 11. bxa5 Rxa5 12. Nd2 Nf4 13. Bf1 c5 14. a4 f5 15. g3
Nh5 16. exf5 Nxf5 17. g4 Nd4 18. gxh5 Qh4 19. f3 Bh6 20. Bg2 Bh3 21. Nce4 Bf4
22. Bxh3 Qxh3 23. Re2 Nxe2+ 24. Qxe2 Rf5 25. Qg2 Qh4 26. Nf1 Bxc1 27. Rxc1 Rxa4
28. hxg6 Ra3 29. gxh7+ Kxh7 30. Rb1 Ra7 31. Rb6 
1-0

[Event "Eliteserien 2009-2010"]
[Site "Haraldsheim"]
[Date "2009.11.06"]
[Round "5"]
[White "Astrup, Kim Chr."]
[Black "Lahlum, Hans O."]
[Result "0-1"]
[WhiteElo "2142"]
[BlackElo "2173"]
[PlyCount "52"]
[EventDate "2009.??.??"]

1. f4 d5 2. Nf3 c5 3. g3 g6 4. Bg2 Nc6 5. O-O Bg7 6. d3 Nf6 7. c3 O-O 8. Na3 a6
9. Qe1 Re8 10. Nh4 e5 11. f5 Qd6 12. e4 b5 13. exd5 Nxd5 14. Qf2 Nf6 15. fxg6
fxg6 16. Be3 Bb7 17. Bxc5 Qd7 18. Rad1 Rac8 19. Nf3 Nd8 20. Bb6 Nf7 21. Kh1 Qe6
22. c4 e4 23. Rfe1 exf3 24. Rxe6 fxg2+ 25. Kg1 Rxe6 26. Bd4 Rce8 
0-1

[Event "Eliteserien 2009-2010"]
[Site "Haraldsheim"]
[Date "2009.11.06"]
[Round "5"]
[White "Tallaksen, Levi André"]
[Black "Stenersen, Gudmund"]
[Result "1/2-1/2"]
[WhiteElo "2154"]
[BlackElo "2205"]
[PlyCount "77"]
[EventDate "2009.??.??"]

1. d4 d5 2. Nf3 c6 3. e3 Bf5 4. Be2 Nd7 5. O-O Ngf6 6. c4 e6 7. Nc3 Bd6 8. b3
h6 9. Bb2 O-O 10. Rc1 Qe7 11. Nd2 e5 12. dxe5 Nxe5 13. cxd5 Nd3 14. Bxd3 Bxd3
15. Re1 cxd5 16. Nf3 Be4 17. Nb5 Bb4 18. Bc3 a6 19. Bxb4 Qxb4 20. Nbd4 Rac8 21.
Qd2 Qxd2 22. Nxd2 Bd3 23. f3 Rfd8 24. Kf2 Kf8 25. Nf1 a5 26. Red1 Ba6 27. Ng3
g6 28. Ke1 h5 29. h4 Ke7 30. Kd2 Kd6 31. Rxc8 Rxc8 32. Rc1 Rxc1 33. Kxc1 Nd7
34. Nge2 Ne5 35. Kd2 Nd3 36. Nc1 Ne5 37. Nce2 Nd3 38. Nc1 Ne5 39. Nce2 
1/2-1/2

[Event "Eliteserien 2009-2010"]
[Site "Haraldsheim"]
[Date "2009.11.06"]
[Round "5"]
[White "Zachariassen, Bjarne"]
[Black "Aandal, Kristian"]
[Result "1/2-1/2"]
[WhiteElo "1932"]
[BlackElo "1906"]
[PlyCount "55"]
[EventDate "2009.??.??"]

1. e4 c5 2. Nf3 Nc6 3. c3 Nf6 4. e5 Nd5 5. d4 cxd4 6. cxd4 d6 7. Bc4 Nb6 8. Bb5
dxe5 9. Nxe5 Bd7 10. Nxd7 Qxd7 11. O-O Rd8 12. Qf3 Qxd4 13. Bxc6+ bxc6 14.
Qxc6+ Qd7 15. Qe4 e6 16. Nc3 Be7 17. Bf4 O-O 18. Rfe1 Qd4 19. Be5 Qxe4 20. Rxe4
Rd2 21. Re2 Rfd8 22. Rxd2 Rxd2 23. Rd1 Rxd1+ 24. Nxd1 f6 25. Bb8 a6 26. Kf1 Kf7
27. Ke2 e5 28. Ba7 
1/2-1/2

[Event "Eliteserien 2009-2010"]
[Site "Haraldsheim"]
[Date "2009.11.06"]
[Round "6"]
[White "Lie, Kjetil A."]
[Black "Djurhuus, Rune"]
[Result "1-0"]
[WhiteElo "2487"]
[BlackElo "2414"]
[PlyCount "59"]
[EventDate "2009.??.??"]

1. d4 Nf6 2. Nf3 g6 3. Bg5 Bg7 4. Nbd2 d5 5. e3 O-O 6. Bd3 b6 7. O-O c5 8. c3
Ba6 9. Bxa6 Nxa6 10. Qe2 Nc7 11. Rad1 Qc8 12. e4 dxe4 13. Nxe4 Nxe4 14. Qxe4
Ne6 15. Bxe7 Re8 16. Qh4 cxd4 17. cxd4 Qd7 18. Bf6 Qd5 19. Rfe1 h6 20. Bxg7
Kxg7 21. b3 Ng5 22. Ne5 Rad8 23. Ng4 h5 24. Ne3 Re4 25. f4 Qe6 26. d5 Qe8 27.
Nf5+ Kg8 28. d6 Qe6 29. Rxe4 Qxe4 30. Qxg5 
1-0

[Event "Eliteserien 2009-2010"]
[Site "Haraldsheim"]
[Date "2009.11.06"]
[Round "6"]
[White "Hole, Øystein"]
[Black "Lie, Espen"]
[Result "0-1"]
[WhiteElo "2369"]
[BlackElo "2473"]
[PlyCount "134"]
[EventDate "2009.??.??"]

1. Nf3 Nf6 2. c4 c5 3. Nc3 d5 4. cxd5 Nxd5 5. d4 cxd4 6. Qxd4 Nxc3 7. Qxc3 Nc6
8. e4 Bd7 9. Be2 e5 10. O-O Bb4 11. Qb3 Qe7 12. a3 Be6 13. Bc4 Bxc4 14. Qxc4
Bc5 15. b4 Bb6 16. Bb2 O-O 17. Rad1 Rac8 18. Rd5 Rfd8 19. Rfd1 Nd4 20. Rxd8+
Qxd8 21. Qd3 Nxf3+ 22. Qxf3 Qf6 23. Qxf6 gxf6 24. Rd2 Rc4 25. Re2 Bd4 26. Kf1
Bxb2 27. Rxb2 Rxe4 28. Rc2 Rd4 29. Rc7 Rd1+ 30. Ke2 Ra1 31. Rxb7 Rxa3 32. b5
Kg7 33. g3 Kg6 34. Kf1 a5 35. bxa6 Rxa6 36. Kg2 Ra2 37. Re7 Ra5 38. Rb7 f5 39.
Rb6+ f6 40. Rb8 Ra4 41. Rg8+ Kf7 42. Rh8 Kg7 43. Rb8 h5 44. h4 f4 45. Rc8 Kg6
46. Rg8+ Kf5 47. Rh8 fxg3 48. fxg3 Ra2+ 49. Kh3 Kg6 50. Rg8+ Kh7 51. Re8 Re2
52. Re7+ Kg6 53. Re8 e4 54. Rg8+ Kh7 55. Re8 Kg7 56. Re7+ Kg6 57. Re8 Kf5 58.
Rh8 e3 59. Rxh5+ Ke4 60. Rh8 Ra2 61. Re8+ Kf3 62. Re6 f5 63. h5 e2 64. h6 Ra1
65. Kh4 Ra4+ 66. Kg5 Re4 67. Rxe4 Kxe4 
0-1

[Event "Eliteserien 2009-2010"]
[Site "Haraldsheim"]
[Date "2009.11.06"]
[Round "6"]
[White "Østmoe, Geir Sune Tallaksen"]
[Black "Thorstensen, Trond"]
[Result "1-0"]
[WhiteElo "2389"]
[BlackElo "2209"]
[PlyCount "117"]
[EventDate "2009.??.??"]

1. d4 Nf6 2. c4 e6 3. Nf3 b6 4. Nc3 Bb4 5. Bg5 Bb7 6. e3 h6 7. Bh4 Bxc3+ 8.
bxc3 d6 9. Nd2 e5 10. f3 Qe7 11. e4 O-O 12. Bd3 Nbd7 13. Nf1 d5 14. cxd5 exd4
15. Ng3 Qc5 16. Ne2 dxc3 17. Bf2 Qa5 18. Bd4 c2+ 19. Qd2 Qxd2+ 20. Kxd2 c6 21.
dxc6 Bxc6 22. Rac1 Rac8 23. Rxc2 Ba4 24. Rxc8 Rxc8 25. Nc3 Bc6 26. Nb5 Bxb5 27.
Bxb5 Nc5 28. Be3 Kf8 29. Rc1 Ke7 30. Ke2 Nfd7 31. g4 f6 32. h4 Ne5 33. a4 Kd6
34. f4 Nc6 35. Kf3 Rc7 36. g5 hxg5 37. hxg5 a6 38. Rd1+ Ke7 39. gxf6+ gxf6 40.
Bxc5+ bxc5 41. Bxa6 Nd4+ 42. Ke3 Ra7 43. Bb5 Ra5 44. Rb1 Kd6 45. Kd3 Nxb5 46.
axb5 Ra3+ 47. Kd2 Kc7 48. b6+ Kb7 49. Rb5 Ra4 50. Ke3 Ra3+ 51. Ke2 Rc3 52. Kd2
Rc4 53. Kd3 Rc1 54. f5 Rd1+ 55. Kc4 Rd4+ 56. Kxc5 Rxe4 57. Kd6 Re1 58. Kd7 Re2
59. Rc5 
1-0

[Event "Eliteserien 2009-2010"]
[Site "Haraldsheim"]
[Date "2009.11.06"]
[Round "6"]
[White "Skrondal, Inge Sandstad"]
[Black "Lahlum, Hans O."]
[Result "1/2-1/2"]
[WhiteElo "2247"]
[BlackElo "2173"]
[PlyCount "54"]
[EventDate "2009.??.??"]

1. Nf3 d5 2. d4 e6 3. c4 c6 4. Nc3 dxc4 5. a4 Bb4 6. e3 b5 7. Bd2 a5 8. axb5
Bxc3 9. Bxc3 cxb5 10. b3 Bb7 11. d5 Nf6 12. bxc4 b4 13. Bxf6 Qxf6 14. Qa4+ Nd7
15. Nd4 e5 16. Nb3 Ke7 17. Be2 Qd6 18. f4 exf4 19. Nd4 Qe5 20. Rd1 fxe3 21. O-O
Nc5 22. Qb5 Rhc8 23. Rf5 Qd6 24. Rdf1 f6 25. Rh5 Kf8 26. Nf5 Qa6 27. Qxa6 Rxa6
1/2-1/2

[Event "Eliteserien 2009-2010"]
[Site "Haraldsheim"]
[Date "2009.11.06"]
[Round "6"]
[White "Tallaksen, Levi André"]
[Black "Gudbrandsen, Gustav"]
[Result "1-0"]
[WhiteElo "2154"]
[BlackElo "2180"]
[PlyCount "95"]
[EventDate "2009.??.??"]

1. d4 Nf6 2. Nf3 g6 3. e3 Bg7 4. Bd3 O-O 5. O-O d6 6. c3 Nbd7 7. Nbd2 e5 8. Qc2
Nh5 9. Rd1 Qe7 10. dxe5 dxe5 11. e4 Nc5 12. Bf1 f5 13. b4 fxe4 14. Nxe4 Ne6 15.
Be3 Kh8 16. Nfg5 Nhf4 17. Nxe6 Qxe6 18. Rd2 b6 19. Rad1 Bb7 20. c4 Rae8 21. f3
Qf5 22. c5 Ne6 23. Bb5 Re7 24. cxb6 axb6 25. Rd7 Rxd7 26. Bxd7 Qf7 27. Bxe6
Qxe6 28. Qxc7 Bxe4 29. fxe4 Qxa2 30. Bxb6 Qe2 31. Qd7 h5 32. Bc5 Rf4 33. b5
Rxe4 34. Qd3 Qxd3 35. Rxd3 Re1+ 36. Kf2 Rb1 37. b6 Rb5 38. Be3 e4 39. Rd8+ Kh7
40. Rd7 Rb2+ 41. Kf1 Rb1+ 42. Ke2 Kg8 43. b7 Be5 44. g3 Rb2+ 45. Kd1 Kf8 46.
Bf4 Bxf4 47. gxf4 Ke8 48. Rc7 
1-0

[Event "Eliteserien 2009-2010"]
[Site "Haraldsheim"]
[Date "2009.11.06"]
[Round "6"]
[White "Briseid, Håkon"]
[Black "Aandal, Kristian"]
[Result "1-0"]
[WhiteElo "1992"]
[BlackElo "1906"]
[PlyCount "154"]
[EventDate "2009.??.??"]

1. d4 Nf6 2. c4 c5 3. Nf3 e6 4. Nc3 cxd4 5. Nxd4 d5 6. cxd5 exd5 7. g3 Nc6 8.
Bg2 Be7 9. O-O O-O 10. Bg5 h6 11. Be3 Re8 12. Rc1 Be6 13. Nxc6 bxc6 14. Na4 Qd7
15. Bc5 Rac8 16. Qd4 Bxc5 17. Nxc5 Qe7 18. Rc3 Ne4 19. Nxe4 dxe4 20. Qxe4 Bxa2
21. Qa4 Bd5 22. Bxd5 cxd5 23. Rxc8 Rxc8 24. e3 Qc5 25. Ra1 Rc7 26. Qe8+ Kh7 27.
Rd1 Qd6 28. Qb5 Rd7 29. Qd3+ Kg8 30. Qd4 Rb7 31. Rc1 Qe6 32. Ra1 Qe4 33. Qc3
Qc4 34. Qd2 Qe4 35. Rc1 Rd7 36. Rd1 Kh7 37. Qd3 Qxd3 38. Rxd3 Kg6 39. Kg2 Kf5
40. Kf3 Ke5 41. Rd4 Rb7 42. Ra4 Rxb2 43. Rxa7 Ke6 44. g4 Rb6 45. Kg3 Rb3 46.
Ra4 Rc3 47. Rf4 Rb3 48. h4 Rb1 49. Kg2 Rb2 50. Ra4 Rb6 51. Ra8 Rd6 52. Re8+ Kf6
53. Kf3 Rb6 54. Rd8 Ke6 55. Kg3 Rb3 56. g5 hxg5 57. hxg5 f6 58. Kg4 Rb1 59. f4
Rg1+ 60. Kh5 fxg5 61. fxg5 Rg3 62. Kg6 Ke7 63. Rxd5 Rxe3 64. Ra5 Rg3 65. Kxg7
Rg1 66. g6 Ke8 67. Re5+ Kd7 68. Kf7 Rf1+ 69. Kg8 Kd6 70. Rg5 Ke6 71. g7 Kf6 72.
Ra5 Ke7 73. Rh5 Rg1 74. Kh7 Kf7 75. Rf5+ Ke6 76. Ra5 Rh1+ 77. Kg8 Rg1 {
 etter ytterligere noen trekk} 
1-0

[Event "Eliteserien 2009-2010"]
[Site "Haraldsheim"]
[Date "2009.11.06"]
[Round "6"]
[White "Elsness, Frode"]
[Black "Tisdall, Jonathan"]
[Result "1-0"]
[WhiteElo "2469"]
[BlackElo "2404"]
[PlyCount "53"]
[EventDate "2009.??.??"]

1. d4 Nf6 2. c4 e5 3. dxe5 Ng4 4. Nc3 Nxe5 5. e3 g6 6. f4 Nec6 7. Nf3 Bg7 8.
Bd2 d6 9. Bd3 Nd7 10. a3 a5 11. O-O O-O 12. Rb1 Nf6 13. Qc2 d5 14. cxd5 Nxd5
15. Nxd5 Qxd5 16. e4 Qd8 17. Bc3 Bg4 18. Bxg7 Kxg7 19. Qc3+ f6 20. Bb5 Bxf3 21.
Bxc6 bxc6 22. Rxf3 Qd6 23. Rd3 Qxf4 24. Rf1 Qe5 25. Rd7+ Kh6 26. Qe3+ Qg5 27.
Rf4 
1-0

[Event "Eliteserien 2009-2010"]
[Site "Haraldsheim"]
[Date "2009.11.06"]
[Round "6"]
[White "Løvik, Lasse Østebø"]
[Black "Miezis, Normunds"]
[Result "1/2-1/2"]
[WhiteElo "2342"]
[BlackElo "2481"]
[PlyCount "91"]
[EventDate "2009.??.??"]

1. d4 Nf6 2. c4 e6 3. Nc3 Bb4 4. Qc2 c5 5. dxc5 Bxc5 6. Nf3 Nc6 7. Bg5 h6 8.
Bh4 Qa5 9. e3 Bb4 10. Bd3 d5 11. O-O dxc4 12. Bxc4 a6 13. Ne4 Be7 14. Nxf6+
gxf6 15. Rfd1 Bd7 16. a3 Rd8 17. Rd2 Ne5 18. Nxe5 fxe5 19. Bxe7 Kxe7 20. Rad1
Ba4 21. b3 Bc6 22. a4 Rxd2 23. Rxd2 Rg8 24. Bf1 Qb4 25. f3 f5 26. Kh1 Rd8 27.
Rxd8 Kxd8 28. Qd1+ Ke7 29. Bd3 Qc3 30. e4 Qd4 31. Qb1 f4 32. h3 Kd6 33. Qc2 Qc5
34. Qd2 Ke7 35. Kh2 Qd4 36. Qc2 Kd6 37. Bf1 Bd7 38. Qc1 a5 39. Qc2 Bc6 40. Bc4
Qe3 41. Bd3 Qe1 42. Be2 h5 43. Bd3 h4 44. Be2 Qg3+ 45. Kg1 Qe1+ 46. Kh2 
1/2-1/2

[Event "Eliteserien 2009-2010"]
[Site "Haraldsheim"]
[Date "2009.11.06"]
[Round "6"]
[White "Thomassen, Joachim"]
[Black "Sahl, Bjarke"]
[Result "1-0"]
[WhiteElo "2338"]
[BlackElo "2338"]
[PlyCount "37"]
[EventDate "2009.??.??"]

1. d4 Nf6 2. c4 e6 3. Nc3 d5 4. cxd5 Nxd5 5. e4 Nxc3 6. bxc3 c5 7. Nf3 Be7 8.
Bc4 O-O 9. O-O Qc7 10. Qe2 Nd7 11. Bb2 Nb6 12. Bb3 Bd7 13. a4 a5 14. Ne5 Be8
15. f4 Rc8 16. Rf3 c4 17. Bc2 Bd6 18. Ng4 h5 19. Nf6+ 
1-0

[Event "Eliteserien 2009-2010"]
[Site "Haraldsheim"]
[Date "2009.11.06"]
[Round "6"]
[White "Ekeberg, Carl Fr."]
[Black "Haugli, Petter"]
[Result "1/2-1/2"]
[WhiteElo "2267"]
[BlackElo "2259"]
[PlyCount "45"]
[EventDate "2009.??.??"]

1. Nf3 Nf6 2. c4 g6 3. g3 Bg7 4. Bg2 O-O 5. O-O d6 6. d4 Nc6 7. Nc3 a6 8. Qd3
e5 9. dxe5 dxe5 10. Qxd8 Rxd8 11. Bg5 Be6 12. Nd2 h6 13. Bxf6 Bxf6 14. Nd5 Bxd5
15. cxd5 Nb4 16. e4 c6 17. Nc4 Nc2 18. Rad1 b5 19. Na5 cxd5 20. exd5 Nd4 21.
Nc6 Nxc6 22. dxc6 Rd4 23. Rxd4 
1/2-1/2

[Event "Eliteserien 2009-2010"]
[Site "Haraldsheim"]
[Date "2009.11.06"]
[Round "6"]
[White "Hagen, Anders G"]
[Black "Grotnes, Nils Ragnar"]
[Result "1/2-1/2"]
[WhiteElo "2011"]
[BlackElo "2158"]
[PlyCount "24"]
[EventDate "2009.??.??"]

1. d4 Nf6 2. c4 c5 3. d5 e5 4. Nc3 d6 5. e4 Be7 6. Bd3 Nfd7 7. Nf3 Nf8 8. Be3
Bg4 9. h3 Bxf3 10. Qxf3 Bg5 11. O-O Ng6 12. a3 Bxe3 
1/2-1/2

[Event "Eliteserien 2009-2010"]
[Site "Haraldsheim"]
[Date "2009.11.06"]
[Round "6"]
[White "Hammerstad, Åsmund"]
[Black "Johansen, Paul"]
[Result "1-0"]
[WhiteElo "2173"]
[BlackElo "2023"]
[PlyCount "103"]
[EventDate "2009.??.??"]

1. d4 Nf6 2. c4 c5 3. d5 e6 4. Nc3 exd5 5. cxd5 Bd6 6. e4 O-O 7. f4 Nxe4 8.
Nxe4 Re8 9. Qe2 f5 10. Nxd6 Rxe2+ 11. Bxe2 Qf8 12. Nxc8 Qxc8 13. Nf3 d6 14. O-O
Nd7 15. b3 Nf6 16. Bb2 Qe8 17. Bxf6 gxf6 18. Rae1 Qe3+ 19. Kh1 Qxf4 20. Bb5 a6
21. Bd7 b5 22. g3 Qb4 23. Bxf5 c4 24. bxc4 Qxc4 25. Rf2 Ra7 26. Be6+ Kg7 27.
Nh4 Qc3 28. Re4 h5 29. Kg2 a5 30. Nf5+ Kg6 31. Nxd6 Qc5 32. Ne8 b4 33. Nxf6 a4
34. g4 h4 35. Nh5 h3+ 36. Kg3 Qc7+ 37. Kxh3 Qc3+ 38. Kh4 b3 39. Rf6+ Qxf6+ 40.
Nxf6 bxa2 41. Re1 Kxf6 42. Ra1 a3 43. Rxa2 Rh7+ 44. Kg3 Ra7 45. h4 Ke5 46. g5
Ra8 47. h5 Ra4 48. h6 Ra7 49. g6 Kf6 50. g7 Kg6 51. g8=Q+ Kxh6 52. Rh2# 
1-0

[Event "Eliteserien 2009-2010"]
[Site "Haraldsheim"]
[Date "2009.11.06"]
[Round "6"]
[White "Stokke, Kjetil"]
[Black "Hammer, Jon Ludvig"]
[Result "1/2-1/2"]
[WhiteElo "2369"]
[BlackElo "2605"]
[PlyCount "36"]
[EventDate "2009.??.??"]

1. d4 Nf6 2. Nf3 d5 3. c4 e6 4. g3 dxc4 5. Bg2 c5 6. O-O Nc6 7. Qa4 Bd7 8. Qxc4
cxd4 9. Nxd4 Rc8 10. Nxc6 Bxc6 11. Bxc6+ Rxc6 12. Qb3 Bc5 13. Nc3 Qb6 14. Qxb6
Bxb6 15. Bg5 Nd7 16. Rac1 f6 17. Bd2 Ke7 18. Ne4 Rhc8 
1/2-1/2

[Event "Eliteserien 2009-2010"]
[Site "Haraldsheim"]
[Date "2009.11.06"]
[Round "6"]
[White "Johannessen, Leif E"]
[Black "Gullaksen, Eirik"]
[Result "1-0"]
[WhiteElo "2514"]
[BlackElo "2386"]
[PlyCount "67"]
[EventDate "2009.??.??"]

1. d4 Nf6 2. c4 g6 3. Nc3 Bg7 4. e4 O-O 5. Nf3 d6 6. h3 Na6 7. Bg5 e5 8. d5 Qe8
9. g4 Kh8 10. Be2 Ng8 11. Rg1 f5 12. gxf5 gxf5 13. Nh4 Nf6 14. exf5 e4 15. Qd2
Qe5 16. O-O-O Ne8 17. f4 exf3 18. Bd3 Nb4 19. Bb1 f2 20. Qxf2 Bf6 21. Rde1 Qd4
22. Bxf6+ Qxf6 23. Qf4 Ng7 24. Ng6+ Kg8 25. Nxf8 Kxf8 26. Rg5 Bd7 27. Reg1 Ne8
28. Rg8+ Kf7 29. Ne4 Qe5 30. Qxe5 dxe5 31. f6 Rc8 32. R1g7+ Nxg7 33. Rxg7+ Ke8
34. Ng5 
1-0

[Event "Eliteserien 2009-2010"]
[Site "Haraldsheim"]
[Date "2009.11.06"]
[Round "6"]
[White "Bern, Ivar"]
[Black "Øgaard, Leif"]
[Result "0-1"]
[WhiteElo "2267"]
[BlackElo "2389"]
[PlyCount "102"]
[EventDate "2009.??.??"]

1. Nf3 d5 2. d4 e6 3. Bf4 c5 4. e3 Qb6 5. Nc3 a6 6. Rb1 Nc6 7. Be2 Nf6 8. O-O
cxd4 9. exd4 Be7 10. b4 Ne4 11. Na4 Qd8 12. Qe1 O-O 13. Nc5 b6 14. Nd3 Bd7 15.
Nde5 Nxe5 16. Nxe5 Bb5 17. Bxb5 axb5 18. f3 Nd6 19. Nc6 Qd7 20. Nxe7+ Qxe7 21.
Bxd6 Qxd6 22. f4 Rfc8 23. c3 Rxa2 24. Rd1 Qc6 25. Rd3 Qc4 26. Rg3 Re2 27. Qb1
f5 28. Qa1 Rc2 29. Rff3 Qe2 30. h3 Ra2 31. Qf1 Rca8 32. Qxe2 Rxe2 33. Re3 Ra1+
34. Kh2 Rxe3 35. Rxe3 Kf7 36. Kg3 h6 37. h4 Rf1 38. Re2 Rc1 39. Re3 Kf6 40. Kf3
g5 41. hxg5+ hxg5 42. fxg5+ Kxg5 43. g3 Rc2 44. Rd3 Kf6 45. Kf4 Re2 46. Kf3 Re4
47. Rd1 e5 48. dxe5+ Kxe5 49. Ra1 Rc4 50. Ra3 Rc8 51. Ke3 Rxc3+ 
0-1

[Event "Eliteserien 2009-2010"]
[Site "Haraldsheim"]
[Date "2009.11.06"]
[Round "6"]
[White "Moen, Andreas G.R."]
[Black "Tjølsen, Katrine"]
[Result "1-0"]
[WhiteElo "2315"]
[BlackElo "2274"]
[PlyCount "77"]
[EventDate "2009.??.??"]

1. d4 d5 2. c4 c6 3. Nf3 Nf6 4. e3 Bf5 5. Nc3 e6 6. Nh4 Bg6 7. Nxg6 hxg6 8. Qb3
Qb6 9. Qxb6 axb6 10. Bd3 Nbd7 11. Bd2 Bd6 12. Ke2 Ke7 13. f4 Bb4 14. Nxd5+ Nxd5
15. cxd5 Bxd2 16. dxc6 Bb4 17. cxd7 Kxd7 18. h4 Be7 19. g3 Bf6 20. Bb5+ Ke7 21.
Rhc1 Rhc8 22. Kd3 Rxc1 23. Rxc1 Kd8 24. a3 Ra5 25. a4 Be7 26. e4 Ra8 27. g4 f6
28. g5 fxg5 29. hxg5 Bd6 30. e5 Bb4 31. Ke3 Rb8 32. Rc2 Ra8 33. Kf3 Bf8 34. Ke4
Bb4 35. b3 Rb8 36. Be2 Ke8 37. Bg4 Kf7 38. Rc7+ Be7 39. Bxe6+ 
1-0

[Event "Eliteserien 2009-2010"]
[Site "Haraldsheim"]
[Date "2009.11.06"]
[Round "6"]
[White "Martinsen, Stig K."]
[Black "Trygstad, Kristian D."]
[Result "1/2-1/2"]
[WhiteElo "2173"]
[BlackElo "2295"]
[PlyCount "80"]
[EventDate "2009.??.??"]

1. d4 Nf6 2. Bg5 Ne4 3. Bf4 c5 4. f3 Qa5+ 5. c3 Nf6 6. Nd2 cxd4 7. Nb3 Qb6 8.
Qxd4 Nc6 9. Qxb6 axb6 10. Nd4 e5 11. Nxc6 exf4 12. Nd4 d5 13. g3 Bd6 14. Kf2
Bd7 15. e3 fxe3+ 16. Kxe3 O-O 17. Bd3 Bc5 18. Nge2 Ne8 19. Kf2 b5 20. Rhe1 Nd6
21. Nf4 Bc6 22. Re5 Rfe8 23. Rxe8+ Rxe8 24. Re1 Ra8 25. a3 Nc4 26. Re2 g6 27.
Ke1 Bd6 28. Bxc4 dxc4 29. Ng2 Kf8 30. Ne3 Bc5 31. Nec2 Re8 32. Rxe8+ Kxe8 33.
Ke2 Kd7 34. Kd2 Bf8 35. Nb4 Bg7 36. Nbc2 h5 37. Ke3 Kd6 38. h4 Bh6+ 39. f4 Bg7
40. Nb4 Bd7 
1/2-1/2

[Event "Eliteserien 2009-2010"]
[Site "Haraldsheim"]
[Date "2009.11.06"]
[Round "6"]
[White "Moen, Ole Christian"]
[Black "Demac, Elias"]
[Result "1-0"]
[WhiteElo "2170"]
[BlackElo "2221"]
[PlyCount "71"]
[EventDate "2009.??.??"]

1. e4 c5 2. Nf3 d6 3. d4 cxd4 4. Nxd4 Nf6 5. Bd3 g6 6. O-O Bg7 7. c3 O-O 8. h3
e5 9. Nc2 d5 10. Nd2 Nc6 11. Re1 Be6 12. exd5 Nxd5 13. Ne4 Bf5 14. Bg5 f6 15.
Bc4 Nce7 16. Nb4 Be6 17. Be3 Bf7 18. Nxd5 Bxd5 19. Bxd5+ Qxd5 20. Bc5 Rf7 21.
Qa4 f5 22. Rad1 Qc6 23. Qb3 fxe4 24. Bxe7 Bf8 25. Rd6 Qc7 26. Bxf8 Raxf8 27.
Qd5 Qe7 28. Rxe4 Qg5 29. f4 Qg3 30. Rf6 Kg7 31. Rxf7+ Rxf7 32. Qxe5+ Kh6 33.
Qd4 a6 34. Qd2 Kg7 35. Qf2 Qd3 36. Qd4+ 
1-0

[Event "Eliteserien 2009-2010"]
[Site "Haraldsheim"]
[Date "2009.11.06"]
[Round "6"]
[White "Agdestein, Espen"]
[Black "Grandelius, Nils"]
[Result "1/2-1/2"]
[WhiteElo "2372"]
[BlackElo "2431"]
[PlyCount "106"]
[EventDate "2009.??.??"]

1. Nf3 Nf6 2. c4 g6 3. Nc3 d5 4. cxd5 Nxd5 5. Qb3 Nb6 6. d4 Bg7 7. Bg5 Be6 8.
Qc2 h6 9. Bh4 Nc6 10. e3 O-O 11. Rd1 Nb4 12. Qb1 Bf5 13. e4 Bg4 14. d5 f5 15.
a3 g5 16. Bg3 f4 17. axb4 Qd6 18. b5 Qb4 19. Be2 fxg3 20. hxg3 Na4 21. O-O Nxc3
22. bxc3 Qxb1 23. Rxb1 Bxc3 24. Rbc1 Ba5 25. Rc2 Bb6 26. Ne5 Bc8 27. Bc4 Kg7
28. Kh2 Bd4 29. Nd3 a5 30. Ba2 Bb6 31. f4 Bd7 32. Rb1 a4 33. Nc5 Bc8 34. f5 g4
35. Rc4 a3 36. Rb3 Ra5 37. Ra4 Rxa4 38. Nxa4 Bf2 39. Rxa3 Bxf5 40. Bb1 Bd7 41.
Nc3 h5 42. Nd1 Bc5 43. Rc3 Bd6 44. Ne3 Bxb5 45. Nf5+ Kf6 46. Nxd6 cxd6 47. Rc7
Ba6 48. Kg1 Kg5 49. Rc1 b6 50. Ba2 Rc8 51. Rc6 Rb8 52. e5 Bb5 53. exd6 exd6
1/2-1/2

[Event "Eliteserien 2009-2010"]
[Site "Haraldsheim"]
[Date "2009.11.06"]
[Round "6"]
[White "Gabrielsen, Stig"]
[Black "Arvola, Benjamin"]
[Result "1/2-1/2"]
[WhiteElo "2302"]
[BlackElo "2216"]
[PlyCount "81"]
[EventDate "2009.??.??"]

1. e4 c5 2. Nf3 d6 3. c3 Nf6 4. Be2 g6 5. O-O Bg7 6. Bb5+ Nbd7 7. Re1 O-O 8. d4
a6 9. Bf1 b5 10. a4 Bb7 11. e5 dxe5 12. dxe5 Ng4 13. axb5 axb5 14. Rxa8 Bxa8
15. Bxb5 Ndxe5 16. Nxe5 Nxe5 17. Qxd8 Rxd8 18. Na3 Bc6 19. Bxc6 Nxc6 20. Kf1
Ne5 21. Bf4 Nd3 22. Rd1 e5 23. Be3 e4 24. Nc4 Ra8 25. f3 f5 26. fxe4 fxe4 27.
Rb1 Ra4 28. Nd2 c4 29. h3 Be5 30. Ke2 Ra2 31. Nxe4 Rxb2+ 32. Rxb2 Nxb2 33. Bd4
Bxd4 34. cxd4 Nd3 35. g3 Nb4 36. Nc3 Kf7 37. Ke3 Ke6 38. Ke4 Kd6 39. g4 Nd3 40.
h4 h6 41. Nb5+ 
1/2-1/2

[Event "Eliteserien 2009-2010"]
[Site "Haraldsheim"]
[Date "2009.11.06"]
[Round "6"]
[White "Lundeby, Øyvind Andersen"]
[Black "Gabrielsen, Trond"]
[Result "0-1"]
[WhiteElo "2154"]
[BlackElo "2230"]
[PlyCount "68"]
[EventDate "2009.??.??"]

1. d4 Nf6 2. c4 g6 3. Nc3 Bg7 4. e4 d6 5. Nge2 O-O 6. Ng3 e5 7. d5 c6 8. Be2
cxd5 9. cxd5 a6 10. O-O Nbd7 11. Bg5 h6 12. Be3 h5 13. Qd2 h4 14. Nh1 Nh7 15.
Rac1 f5 16. exf5 gxf5 17. f4 exf4 18. Bxf4 Ne5 19. Nf2 Bd7 20. Nh3 Rc8 21. Kh1
Qf6 22. Ng5 Nc4 23. Bxc4 Rxc4 24. Nxh7 Kxh7 25. h3 b5 26. Bg5 Qg6 27. Ne2 Rfc8
28. b3 Re4 29. Rxc8 Bxc8 30. Bf4 Qe8 31. Nc3 Rd4 32. Qf2 Qe7 33. Rc1 Rxf4 34.
Qxf4 Bxc3 
0-1